Wszyscy Mistrzowie UFC - Statystyki

Ogólne statystyki
  • Ten quiz został rozwiązany 211 razy
  • Średni wynik to 48 z 115
Statystyki odpowiedzi
Nr. Mistrza Kategoria Data zdobycia pasa Odpowiedź % Poprawnych
2. Piórkowa 12.12.2015 Conor McGregor
93%
9. Lekka 12.11.2016 Conor McGregor
93%
12. Półciężka 19.03.2011 Jon Jones
90%
14. Półciężka 29.12.2018 Jon Jones
90%
23. Ciężka 4.03.2023 Jon Jones
90%
10. Lekka 7.04.2018 Khabib Nurmagomedov
89%
15. Półciężka 26.09.2020 Jan Błachowicz
84%
12. Średnia 12.11.2022 Alex Pereira
81%
19. Półciężka 11.11.2023 Alex Pereira
81%
21. Półciężka 4.10.2025 Alex Pereira
81%
6. Piórkowa 17.12.2024 Ilia Topuria
81%
13. Lekka 28.06.2025 Ilia Topuria
81%
11. Lekka 15.05.2021 Charles Oliveira
80%
1. Musza 22.09.2012 Demetrious Johnson
78%
13. Półciężka 23.05.2015 Daniel Cormier
77%
20. Ciężka 7.07.2018 Daniel Cormier
77%
11. Średnia 5.10.2019 Israel Adesanya
75%
13. Średnia 9.04.2023 Israel Adesanya
75%
24. Ciężka 21.06.2025 Tom Aspinall
75%
12. Lekka 22.10.2022 Islam Makhachev
73%
16. Półśrednia 15.11.2025 Islam Makhachev
73%
5. Piórkowa 14.12.2019 Alexander Volkanovski
71%
7. Piórkowa 12.04.2025 Alexander Volkanovski
71%
1. Piórkowa 20.11.2010 José Aldo
71%
3. Piórkowa 26.11.2016 José Aldo
71%
16. Średnia 16.07.2025 Khamzat Chimaev
71%
4. Piórkowa 3.06.2017 Max Holloway
71%
7. Musza 8.07.2023 Alexandre Pantoja
69%
10. Kogucia 19.07.2023 Sean O'Malley
66%
15. Średnia 21.01.2024 Dricus Du Plessis
65%
6. Półśrednia 18.11.2006 Georges St-Pierre
65%
8. Półśrednia 19.04.2008 Georges St-Pierre
65%
9. Średnia 4.11.2017 Georges St-Pierre
65%
20. Półciężka 8.03.2025 Magomed Ankalaev
65%
12. Półśrednia 2.03.2019 Kamaru Usman
64%
5. Średnia 14.10.2006 Anderson Silva
63%
22. Ciężka 27.03.2021 Francis Ngannou
60%
15. Półśrednia 10.05.2025 Jack Della Maddalena
60%
14. Średnia 10.09.2023 Sean Strickland
60%
19. Ciężka 14.05.2016 Stipe Miocic
56%
21. Ciężka 17.08.2019 Stipe Miocic
56%
11. Kogucia 14.09.2024 Merab Dvalishvili
55%
2. Musza 4.08.2018 Henry Cejudo
54%
7. Kogucia 9.06.2019 Henry Cejudo
54%
17. Półciężka 12.06.2022 Jiří Procházka
54%
14. Półśrednia 27.07.2024 Belal Muhammad
53%
13. Półśrednia 20.08.2022 Leon Edwards
51%
4. Musza 12.06.2021 Brandon Moreno
50%
6. Musza 21.01.2023 Brandon Moreno
50%
8. Lekka 7.07.2016 Eddie Alvarez
50%
9. Kogucia 6.03.2021 Aljamain Sterling
48%
18. Półciężka 21.01.2023 Jamahal Hill
48%
14. Ciężka 15.11.2008 Brock Lesnar
47%
16. Półciężka 30.10.2021 Glover Teixeira
41%
8. Średnia 4.06.2016 Michael Bisping
40%
8. Kogucia 12.07.2020 Piotr Jan
40%
3. Kogucia 24.05.2014 T.J. Dillashaw
40%
6. Kogucia 4.11.2017 T.J. Dillashaw
40%
1. Kogucia 16.12.2010 Dominick Cruz
37%
4. Kogucia 17.01.2016 Dominick Cruz
37%
3. Musza 19.07.2020 Deiveson Figueiredo
36%
10. Średnia 7.12.2017 Robert Whittaker
36%
3. Lekka 19.01.2008 B.J. Penn
35%
4. Półśrednia 31.01.2004 B.J. Penn
35%
11. Półśrednia 30.07.2016 Tyron Woodley
30%
5. Kogucia 30.12.2016 Cory Garbrandt
29%
7. Lekka 14.03.2015 Rafael Dos Anjos
27%
6. Lekka 31.07.2013 Anthony Pettis
26%
15. Ciężka 23.10.2010 Cain Velasquez
26%
17. Ciężka 29.12.2012 Cain Velasquez
26%
6. Średnia 6.07.2013 Chris Weidman
25%
6. Półciężka 16.04.2005 Chuck Liddell
23%
7. Średnia 12.12.2015 Luke Rockhold
23%
3. Półśrednia 2.11.2001 Matt Hughes
23%
5. Półśrednia 22.10.2004 Matt Hughes
23%
11. Półciężka 8.05.2010 Maurício Rua
23%
7. Półśrednia 7.04.2007 Matt Serra
22%
3. Półciężka 26.09.2003 Randy Couture
22%
5. Półciężka 21.08.2004 Randy Couture
22%
3. Ciężka 21.12.1997 Randy Couture
22%
6. Ciężka 17.11.2000 Randy Couture
22%
13. Ciężka 3.03.2007 Randy Couture
22%
10. Półśrednia 6.12.2014 Robbie Lawler
21%
2. Półciężka 14.04.2000 Tito Ortiz
20%
4. Lekka 10.04.2010 Frankie Edgar
19%
16. Ciężka 12.11.2011 Junior dos Santos
19%
10. Półciężka 23.05.2009 Lyoto Machida
19%
5. Lekka 26.12.2012 Benson Henderson
18%
11. Ciężka 12.08.2005 Andrei Arlovski
16%
10. Ciężka 19.06.2004 Frank Mir
16%
7. Półciężka 26.05.2007 Quinton Jackson
16%
1. Ciężka 7.02.1997 Mark Coleman
14%
2. Kogucia 6.01.2014 Renan Barão
14%
18. Ciężka 13.06.2015 Fabricio Werdum
12%
9. Półśrednia 14.03.2014 Johny Hendricks
12%
1. Półciężka 21.12.1997 Frank Shamrock
10%
9. Ciężka 28.02.2003 Tim Sylvia
10%
12. Ciężka 15.04.2006 Tim Sylvia
10%
4. Półciężka 31.01.2004 Vitor Belfort
10%
8. Półciężka 5.07.2008 Forrest Griffin
9%
9. Półciężka 27.12.2008 Rashad Evans
9%
1. Lekka 23.01.2001 Jens Pulver
8%
5. Ciężka 19.11.1999 Kevin Randleman
8%
4. Ciężka 7.05.1999 Bas Rutten
7%
2. Półśrednia 4.05.2001 Carlos Newton
6%
7. Ciężka 22.03.2002 Josh Barnett
5%
2. Ciężka 27.07.1997 Maurice Smith
5%
8. Ciężka 27.09.2002 Ricco Rodriguez
5%
4. Średnia 4.06.2005 Rich Franklin
5%
2. Lekka 14.10.2006 Sean Sherk
5%
5. Musza 22.01.2022 Deiveson Figuareido
4%
1. Półśrednia 16.10.1998 Pat Miletich
4%
3. Średnia 5.02.2005 Evan Tanner
3%
2. Średnia 11.01.2002 Murilo Bustamante
3%
1. Średnia 28.09.2001 Dave Menne
2%
Nie znaleziono quizów pasujących do podanych kryteriów
Rozkład punktacji
Procent ludzi z każdym wynikiem
Percentyl według liczby udzielonych odpowiedzi
Twoja historia wyników
Nie rozwiązałeś tego quizu